Cultural history
Saved in:
| Main Author: | |
|---|---|
| Format: | Book |
| Language: | English |
| Published: |
Houndmills, Basingstoke, Hampshire :
Palgrave Macmillan,
2008
|
| Series: | Theory and history
|
| Subjects: | |
| Tags: |
Add Tag
No Tags, Be the first to tag this record!
|
MARC
| LEADER | 00000cam a2200000 i 4500 | ||
|---|---|---|---|
| 001 | 1/2067 | ||
| 008 | 091020s2008 eng d | ||
| 020 | |a 978-0-333-98675-2 | ||
| 035 | |l 10105840 | ||
| 040 | |a GR-MY-UA |b gre |e aacr | ||
| 041 | 0 | |a eng | |
| 082 | 0 | |a 306 |2 (22) | |
| 100 | 1 | |a Green, Anna, |d 1950- | |
| 245 | 1 | 0 | |a Cultural history / |c Anna Green |
| 260 | |a Houndmills, Basingstoke, Hampshire : |b Palgrave Macmillan, |c 2008 | ||
| 300 | |a viii, 163 σ.; |c 21 εκ. | ||
| 490 | 1 | |a Theory and history | |
| 504 | |a Περιέχει βιβλιογραφιά και ευρετήριο | ||
| 650 | 0 | 0 | |a Social history. |
| 650 | 0 | 0 | |a Culture |x History. |
| 830 | 0 | |a Theory and history | |
| 852 | |a INST |b LESVOS |e 20091020 |h 306 GRE |p 005100046430 |q 005100046430 |t BK |y 0 | ||
| 901 | |a BIBL1-2009-3 | ||
| 909 | |a Λ |b 159494 | ||
| 970 | |a ΤΖΑΦΕΡΗ |b ΕΥΑΓΓΕΛΙΑ |z 2009/10/2009 | ||